000 00421nam a22001697a 4500
005 20240902113600.0
008 240831b |||||||| |||| 00| 0 eng d
020 _a978-81-7822-391-9
041 _aeng
082 _a613.7046 GOR
100 _aGORE, M.M
_98472
245 _aANATOMY AND PHYSIOLOGY OF YOGIC PRACTICES
260 _aNEW DELHI
_bNEW AGE BOOKS
_c2005
300 _a223;P
650 _aBPT
942 _cBK
999 _c8599
_d8597